000 nam a22 7a 4500
999 _c21250
_d21250
008 170121b xxu||||| |||| 00| 0 eng d
020 _a9780324171884
050 _aHB 172 .M36 2004
100 _aMankiw, Gregory N.
_d2004
245 _aPrinciples of Microeconomics/
_cN. Gregory, Mankiw.
250 _a3rd ed.
260 _aUSA:
_bThomson, South western,
_c2004.
300 _axxiii, 509p.:
_bill.;
_c26cm.
521 _aIncludes index.
650 _aMicroeconomics.
650 _aEconomics.
942 _2lcc
_cBOOKS
_hHB 172 .M36 2004